'Stan Countries of Asia' sprint - Map - Statistics

General Stats
  • This quiz has been taken 88 times
  • The average score is 6 of 7
Answers on the Map
Answers color-coded by a green-red scale on the quiz's map according to % correct below.
 
Answer Stats
Answer % Correct
Afghanistan
95%
Pakistan
93%
Kazakhstan
91%
Tajikistan
91%
Uzbekistan
88%
Kyrgyzstan
84%
Turkmenistan
84%
No matching quizzes found
Score Distribution
Percent of People with Each Score
Percentile by Number Answered
Your Score History
You have not taken this quiz